000
00308nam a2200133Ia 4500
008
191201s2007 xx 000 0 und d
100
_a
RENDER, Barry
245
0
_a
Quantitative Analysis for Management
250
_a
9th
260
_a
N.Delhi
_b
PHI
_c
2007
300
_a
631
650
_a
MBA
942
_2
ddc
_c
BK
999
_c
3010
_d
3010